Loading...
| History - American | 0 | 5 | 0 | 1 | 50 | 112 | 121.80 | 0 | 0 | 2.89 | 7.71 |
| History - Other | 0 | 4 | 0 | 0 | 40 | 109 | 128.50 | 0 | 0 | 0.80 | 11.33 |
| Fine Arts - Other | 0 | 4 | 0 | 2 | 40 | 125 | 136.75 | 0 | 0 | 0.68 | 6.63 |
| Literature - European | 0 | 4 | 0 | 0 | 40 | 129 | 141.00 | 0 | 0 | 1.36 | 8.62 |
| History - World | 0 | 4 | 0 | 1 | 40 | 137 | 139.00 | 0 | 0 | -0.09 | 3.47 |
| Current Events | 0 | 4 | 1 | 1 | 35 | 104 | 122.50 | 0 | 0 | 2.54 | 15.19 |
| Literature - World | 0 | 4 | 1 | 0 | 35 | 120 | 133.00 | 0 | 0 | 1.77 | 10.54 |
| Social Science | 0 | 3 | 0 | 1 | 30 | 120 | 131.67 | 0 | 0 | 0.57 | 6.17 |
| Literature - American | 0 | 3 | 0 | 0 | 30 | 142 | 150.33 | 0 | 0 | 0.19 | 6.50 |
| History - European | 0 | 2 | 0 | 1 | 20 | 128 | 130.00 | 0 | 0 | -0.00 | 2.71 |
| Mythology | 0 | 2 | 0 | 0 | 20 | 125 | 134.00 | 0 | 0 | 2.12 | 3.70 |
| Religion | 0 | 2 | 0 | 0 | 20 | 105 | 121.50 | 0 | 0 | 1.09 | 2.25 |
| Science - Other | 0 | 1 | 0 | 1 | 10 | 123 | 123.00 | 0 | 0 | 0.05 | 1.47 |
| Philosophy | 0 | 1 | 0 | 0 | 10 | 138 | 138.00 | 0 | 0 | -0.09 | 0.25 |
| Literature - British | 0 | 1 | 0 | 0 | 10 | 119 | 119.00 | 0 | 0 | 1.34 | 4.41 |
| Science - Biology | 0 | 0 | 0 | 0 | 0 | 0.00 | 0 | 0 | 0.00 | 0.00 | |
| Science - Chemistry | 0 | 0 | 0 | 0 | 0 | 0.00 | 0 | 0 | 0.00 | 0.00 | |
| Fine Arts - Painting & Sculpture | 0 | 0 | 0 | 0 | 0 | 0.00 | 0 | 0 | 0.00 | 0.00 | |
| Other Academic | 0 | 0 | 1 | 0 | -5 | 0.00 | 0 | 0 | 0.00 | 0.00 |